000 00463nam a22001577a 4500
005 20240313101330.0
008 240313b ||||| |||| 00| 0 eng d
040 _cAL
041 _aeng
082 _223
_a658.5
_bIMPA
100 _aVinod Antony
_9154012
245 _aImpact of Productivity on Organisation:
_bA Case Study on Apollo Tyres Ltd Perambra
260 _aMangalore
_bSt Aloysius College
_c1995
650 _aProject Report
_9154013
942 _2ddc
_cPRO
999 _c230256
_d230256